| 000 | 00573nam a2200217 u 4500 | ||
|---|---|---|---|
| 005 | 20240925070034.0 | ||
| 008 | 180130s1980 r 000 0 eng d | ||
| 020 | _a9682408989 | ||
| 035 | _aUPN01000222606 | ||
| 049 | _aCG | ||
| 050 | 4 |
_aHX806 _bS2.8 |
|
| 100 | 1 |
_aSánchez Mora, Elena _941600 |
|
| 245 | 1 | 0 |
_aUtopía y praxis / _cElena Sánchez Mora. |
| 260 |
_aMéxico : _bTrillas, _c1980. |
||
| 300 | _a95 p. | ||
| 440 | 0 |
_aTemas básicos ; _v2 |
|
| 650 | 4 |
_aUtopías _917449 |
|
| 650 | 4 |
_aMaterialismo dialéctico _94555 |
|
| 905 | _aLibro | ||
| 999 |
_c194703 _d194703 |
||